[Event "Oberliga Wuerttemberg 2122"]
[Site "Wuerttemberg"]
[Date "2021.09.19"]
[Round "1.8"]
[White "Rechtsteiner, Oliver"]
[Black "Scheeff, Volker"]
[Result "0-1"]
[WhiteElo "1956"]
[BlackElo "2092"]
[PlyCount "120"]
[EventDate "2021.09.19"]
[EventType "team-tourn"]
[EventRounds "9"]
[EventCountry "GER"]
[SourceTitle "EXT 2023"]
[Source "ChessBase"]
[SourceDate "2022.10.05"]
[SourceVersion "1"]
[SourceVersionDate "2022.10.05"]
[SourceQuality "1"]
[WhiteTeam "Schoenaich II"]
[BlackTeam "Schmiden/Cannstatt"]
[WhiteTeamCountry "GER"]
[BlackTeamCountry "GER"]

1. e4 e6 2. d4 d5 3. e5 c5 4. c3 Qb6 5. g3 Nc6 6. Ne2 Nh6 7. Bh3 Nf5 8. Bxf5 exf5 9. 0-0 cxd4 10. cxd4 Be6 11. Nbc3 Rc8 12. Be3 Be7 13. Rc1 0-0 14. Na4 Qa6 15. Nf4 Na5 16. Qd3 Qxd3 17. Nxd3 b6 18. Rxc8 Rxc8 19. Rc1 Rc4 20. b3 Rxc1+ 21. Bxc1 Nc6 22. Be3 g5 23. Nc3 f4 24. gxf4 Bf5 25. Nc1 gxf4 26. Bxf4 Nxd4 27. Nxd5 Ba3 28. Kf1 Bb1 29. Nc3 Bf5 30. Nd5 Be6 31. Nc3 Bh3+ 32. Kg1 Nf3+ 33. Kh1 Bc5 34. Ne4 Bd4 35. Ng5 Nxg5 36. Bxg5 Bxf2 37. Nd3 Bd4 38. Bf6 Bf5 39. Nf4 Be4+ 40. Ng2 Bb1 41. a3 Bc2 42. b4 Be4 43. a4 Bc3 44. a5 bxa5 45. bxa5 Bxa5 46. e6 fxe6 47. Kg1 Bb6+ 48. Kf1 Bxg2+ 49. Kxg2 Kf7 50. Bb2 Bc7 51. h3 Kg6 52. Bc3 Kf5 53. Kf3 e5 54. Bb2 a5 55. Bc3 a4 56. Bb4 e4+ 57. Ke3 Bf4+ 58. Ke2 Be5 59. Ba3 Bd4 60. Bc1 Bc5 0-1

[Event "Wuerttemberg-chB"]
[Site "Balingen"]
[Date "2006.08.29"]
[Round "4"]
[White "Rechtsteiner, Oliver"]
[Black "Groebe, Ulrich"]
[Result "0-1"]
[WhiteElo "1962"]
[BlackElo "2058"]
[PlyCount "88"]
[EventDate "2006.08.26"]
[EventType "swiss"]
[EventRounds "9"]
[EventCountry "GER"]
[SourceTitle "EXT 2007"]
[Source "ChessBase"]
[SourceDate "2006.11.23"]
[SourceVersion "1"]
[SourceVersionDate "2006.11.23"]
[SourceQuality "1"]

1. e4 c6 2. d4 d5 3. e5 Bf5 4. h4 h5 5. c4 e6 6. Nc3 dxc4 7. Bxc4 Nd7 8. Be2 Bg6 9. g3 Ne7 10. Nh3 Nf5 11. Nf4 Nb6 12. Nxg6 fxg6 13. Be3 Nd5 14. Nxd5 cxd5 15. Qa4+ Kf7 16. 0-0 Be7 17. Rac1 Qb6 18. Rc2 Rhc8 19. Rfc1 Qd8 20. Qb3 Rab8 21. Bd3 Qd7 22. Bb5 Qd8 23. Be2 Qd7 24. Rc3 a6 25. Qc2 Rxc3 26. Qxc3 Bd8 27. Bd2 Bb6 28. Be3 Ne7 29. Qb4 Ba7 30. Qc3 Rc8 31. Qd2 Rxc1+ 32. Qxc1 Qc6 33. Qd1 Nf5 34. Bd3 Nxd4 35. Bxd4 Bxd4 36. Bxg6+ Kxg6 37. Qxd4 Qc1+ 38. Kg2 Qc4 39. Qxc4 dxc4 40. f4 Kf5 41. Kf3 g6 42. a4 b6 43. Ke3 Kg4 44. Kf2 b5 0-1

[Event "Stuttgart-chB"]
[Site "Stuttgart"]
[Date "2003.??.??"]
[Round "?"]
[White "Bissbort, Julian"]
[Black "Rechtsteiner, Oliver"]
[Result "0-1"]
[WhiteElo "1790"]
[BlackElo "1740"]
[PlyCount "72"]
[EventDate "2003.??.??"]
[EventType "swiss"]
[EventRounds "9"]
[EventCountry "GER"]
[SourceTitle "EXT 2007"]
[Source "ChessBase"]
[SourceDate "2006.11.23"]
[SourceVersion "1"]
[SourceVersionDate "2006.11.23"]
[SourceQuality "1"]

1. e4 c5 2. c3 b6 3. d4 Bb7 4. Bd3 Nf6 5. d5 d6 6. Bg5 Nbd7 7. f4 g6 8. Bxf6 Nxf6 9. Nf3 a6 10. c4 Bg7 11. Nc3 Nd7 12. Qe2 Qc7 13. 0-0 0-0 14. Rae1 Rae8 15. Qf2 e6 16. dxe6 fxe6 17. Qh4 Bf6 18. Ng5 Bxg5 19. Qxg5 Qd8 20. Qh6 Rf7 21. Rf3 Nf6 22. Rg3 Rg7 23. Rf1 Nh5 24. Rg5 Qe7 25. e5 dxe5 26. Rxe5 Nf6 27. Qh3 Qd7 28. Kh1 Ng4 29. Re2 Nf6 30. Rfe1 Nh5 31. Rf1 Rf7 32. Ref2 Ref8 33. Be4 Bxe4 34. Nxe4 Rxf4 35. Rxf4 Rxf4 36. Re1 Rxe4 0-1

[Event "Stuttgart-chB"]
[Site "Stuttgart"]
[Date "2003.??.??"]
[Round "?"]
[White "Rechtsteiner, Oliver"]
[Black "Schumann, Kai"]
[Result "1-0"]
[WhiteElo "1740"]
[BlackElo "1880"]
[PlyCount "59"]
[EventDate "2003.??.??"]
[EventType "swiss"]
[EventRounds "9"]
[EventCountry "GER"]
[SourceTitle "EXT 2007"]
[Source "ChessBase"]
[SourceDate "2006.11.23"]
[SourceVersion "1"]
[SourceVersionDate "2006.11.23"]
[SourceQuality "1"]

1. e4 e6 2. d4 d5 3. exd5 exd5 4. Nf3 Bd6 5. c4 dxc4 6. Bxc4 Nf6 7. 0-0 0-0 8. Nc3 a6 9. h3 b5 10. Bd3 Bb7 11. Bg5 Nbd7 12. Ne4 Be7 13. Nxf6+ Bxf6 14. Be3 c5 15. dxc5 Bxf3 16. gxf3 Bxb2 17. Rb1 Ba3 18. Be4 Ra7 19. Qd5 Nf6 20. Qxd8 Rxd8 21. c6 Re7 22. Rfd1 Rc8 23. Rb3 b4 24. Bb6 Ree8 25. c7 Nxe4 26. fxe4 Rf8 27. h4 g6 28. Rd8 Bc1 29. Rxc8 Rxc8 30. Rd3 1-0